000 00920cab a22002055a 4500
001 L149620
008 100326e20100320xxk 000 0 eng d
035 _a(Sirsi) u149620
041 0 _aeng
100 1 _aNorwood, Graham
245 0 0 _aEG Green
260 _c2010
490 _aEstates Gazette
_v(1011) 20 March 2010, 61-69(8)
520 _aEffectiveness of energy performance certificates (EPC)s assessing energy ratings of buildings. Lists UK main sustainability requirements including Carbon Reduction Committment (CRD) renamed Energy Efficiency Drive, Building Research Establishment Environmental Assessment Method (BREEAM), Code for Sustainable Homes (CfSH), Part L Supermarkets are promoting sustainability and low carbon issues.
590 _aKA
651 4 8 _aUnited Kingdom
_y
690 _aENVIRONMENTAL AND LAND CONSULTANCY-ENERGY-ENERGY USE-ENERGY EFFICIENCY
700 1 _aNorman, Paul
942 _n0
999 _c82232
_d82232